| 000 | 00834nam a2200241Ia 4500 | ||
|---|---|---|---|
| 003 | GCL | ||
| 008 | 140319s9999 xx 000 0 ara d | ||
| 040 |
_aGCL / _cGCL |
||
| 082 | 0 | 4 |
_a349.1 _bم ق |
| 100 | 1 | _aمحمد طلعت الغنيمى | |
| 245 | 1 | 0 |
_aقانون السلام فى الاسلام (دراسة مقارنة) / _cمحمد طلعت الغنيمى |
| 260 |
_a[S.N] : _bمنشاة المعارف الاسلامية |
||
| 490 |
_aسلسلة الكتب القانونية _v0 |
||
| 650 | 0 | 4 | _aالقانون |
| 650 | 0 | 4 | _aالقانون الدولى |
| 650 | 0 | 4 | _aالمعاهدات |
| 650 | 0 | 4 | _aنزع السلاح |
| 650 | 0 | 4 | _aالسلام |
| 650 | 0 | 4 | _aالسلام العالمى |
| 650 | 0 | 4 | _aالمحاكم الدولية |
| 650 | 0 | 4 | _aالاسلام والقانون الدولى |
| 942 |
_2ddc _cBK |
||
| 999 |
_c56209 _d56209 |
||